Metodología de la investigación : (Registro nro. 40315)
[ vista simple ]
| 000 -LEADER | |
|---|---|
| fixed length control field | 01322cam a2200337 i 4500 |
| 001 - CONTROL NUMBER | |
| control field | 40315 |
| 003 - CONTROL NUMBER IDENTIFIER | |
| control field | Mx-PuUPA |
| 005 - DATE AND TIME OF LATEST TRANSACTION | |
| control field | 20260220115930.0 |
| 008 - FIXED-LENGTH DATA ELEMENTS--GENERAL INFORMATION | |
| fixed length control field | 140415s2022 ck gr 000 0 spa d |
| 020 ## - INTERNATIONAL STANDARD BOOK NUMBER | |
| International Standard Book Number | 9789585033603 |
| 040 ## - CATALOGING SOURCE | |
| Transcribing agency | Mx-PuUPA |
| Original cataloging agency | Mx-PuUPA |
| Language of cataloging | spa |
| Modifying agency | Mx-PuUPA |
| Description conventions | rda |
| 041 0# - LANGUAGE CODE | |
| Language code of text/sound track or separate title | spa |
| 100 1# - MAIN ENTRY--PERSONAL NAME | |
| Personal name | Lerma González, Héctor Daniel, |
| Relator term | autor |
| 9 (RLIN) | 8374 |
| 245 10 - TITLE STATEMENT | |
| Title | Metodología de la investigación : |
| Remainder of title | propuesta, anteproyecto y proyecto / |
| Statement of responsibility, etc. | Héctor Daniel Lerma González |
| 250 ## - EDITION STATEMENT | |
| Edition statement | Sexta edición / |
| Remainder of edition statement | junio |
| 264 #1 - PRODUCTION, PUBLICATION, DISTRIBUTION, MANUFACTURE, AND COPYRIGHT NOTICE | |
| Place of production, publication, distribution, manufacture | Bogotá : |
| Name of producer, publisher, distributor, manufacturer | ECOE ediciones, |
| Date of production, publication, distribution, manufacture, or copyright notice | 2022 |
| 300 ## - PHYSICAL DESCRIPTION | |
| Extent | 139 páginas : |
| Other physical details | tablas, diagramas ; |
| Dimensions | 24 cm |
| 336 ## - CONTENT TYPE | |
| Fuente | rdacontent |
| Content type term | texto |
| Content type code | txt |
| 337 ## - MEDIA TYPE | |
| Source | rdamedia |
| Media type term | sin medio |
| Media type code | n |
| 338 ## - CARRIER TYPE | |
| Source | rdacarrier |
| Carrier type term | volumen |
| Carrier type code | nc |
| 490 0# - SERIES STATEMENT | |
| Series statement | Educación y pedagogía |
| 490 0# - SERIES STATEMENT | |
| Series statement | Pedagogía |
| 650 #7 - SUBJECT ADDED ENTRY--TOPICAL TERM | |
| Source of heading or term | armarc |
| Topical term or geographic name entry element | Metodología científica |
| 650 #7 - SUBJECT ADDED ENTRY--TOPICAL TERM | |
| Source of heading or term | armarc |
| Topical term or geographic name entry element | Proyectos de investigación |
| 650 #7 - SUBJECT ADDED ENTRY--TOPICAL TERM | |
| Source of heading or term | armarc |
| Topical term or geographic name entry element | Investigación científica |
| 942 ## - ADDED ENTRY ELEMENTS (KOHA) | |
| Source of classification or shelving scheme | Dewey Decimal Classification |
| Koha item type | Libro |
| Classification part | 001.42 |
| Item part | L435 |
| Withdrawn status | Lost status | Source of classification or shelving scheme | Damaged status | Not for loan | Collection code | Home library | Current library | Shelving location | Date acquired | Source of acquisition | Cost, normal purchase price | Total Checkouts | Full call number | Barcode | Date last seen | Date last checked out | Cost, replacement price | Price effective from | Koha item type | Copy number |
|---|---|---|---|---|---|---|---|---|---|---|---|---|---|---|---|---|---|---|---|---|
| Dewey Decimal Classification | General | Biblioteca Karol Wojtyla | Biblioteca Karol Wojtyla | Sala general | 14/02/2025 | 25 | 1814.00 | 2 | 001.42 L435 2022 | 105917 | 23/02/2026 | 16/02/2026 | 1814.00 | 14/02/2025 | Reserva permanente | |||||
| Dewey Decimal Classification | General | Biblioteca Karol Wojtyla | Biblioteca Karol Wojtyla | Sala general | 14/02/2025 | 25 | 1814.00 | 001.42 L435 2022 | 105918 | 05/01/2026 | 1814.00 | 14/02/2025 | Reserva permanente | Ej.2 |